| 000 | 00000nam##2200000za#4500 |
| 001 | 9.643540 |
| 003 | CaOODSP |
| 005 | 20210624224221 |
| 007 | cr ||||||||||| |
| 008 | 150407|2008||||xxc|||||o f|0| 0 fre|d |
| 040 | |aCaOODSP|bfre |
| 043 | |an-cn--- |
| 086 | 1 |aR74-15/2008F-PDF |
| 110 | 1 |aCanada.|bAffaires indiennes et du Nord. |bDivision des ressources hydriques. |
| 245 | 10|aRivière Peel - programme d'échantillonnage du bassin (2002 - 2007) |h[ressource électronique] |
| 260 | |aYellowknife - Territoires du Nord-Ouest : |bAffaires indiennes et du Nord. |cJuin 2008. |
| 300 | |a8p.|bfigures, cartes, photographies |
| 590 | |a15-02-Supp|b2015-02-16 |
| 691 | 07|aGestion de l'eau|2gcpds |
| 691 | 07|aQualité de l'eau|2gcpds |
| 775 | 08|tPeel River water and suspended sediment sampling program (2002-2007) |w(CaOODSP)9.699505 |
| 856 | 40|ahttp://publications.gc.ca|qPDF|s391 Ko|uhttps://publications.gc.ca/collections/collection_2014/aadnc-aandc/R74-15-2008-fra.pdf |